Countries by largest Cities - Statistics

General Stats
  • This quiz has been taken 28 times
  • The average score is 34 of 195
Answer Stats
Population of largest City Country % Correct
37,750,000 Japan
100%
25,000,000 India
94%
30,090,000 Indonesia
94%
20,370,000 Brazil
83%
23,420,000 China
83%
20,060,000 Mexico
83%
23,480,000 South Korea
83%
23,720,000 United States
83%
16,170,000 Russia
78%
11,590,000 Democratic Republic of the Congo
72%
15,600,000 Egypt
72%
15,670,000 Bangladesh
67%
13,530,000 Iran
67%
13,120,000 Nigeria
67%
13,290,000 Turkey
67%
10,240,000 United Kingdom
67%
14,120,000 Argentina
61%
10,860,000 France
61%
22,120,000 Pakistan
61%
10,750,000 Peru
61%
24,120,000 Philippines
61%
8,430,000 South Africa
56%
15,000,000 Thailand
56%
8,960,000 Vietnam
56%
6,460,000 Canada
50%
6,170,000 Spain
50%
8,990,000 Colombia
44%
6,680,000 Germany
44%
6,630,000 Iraq
44%
5,260,000 Italy
44%
7,090,000 Malaysia
44%
5,670,000 Saudi Arabia
44%
750 Nauru
39%
7,440,000 Taiwan
39%
5,900,000 Angola
33%
4,590,000 Australia
33%
6,230,000 Chile
33%
3,380,000 Ethiopia
33%
4,790,000 Myanmar
33%
5,620,000 Singapore
33%
4,740,000 Kenya
28%
3,210,000 Morocco
28%
5,130,000 Sudan
28%
2,240,000 Ukraine
28%
21,000 Andorra
22%
6,000 Liechtenstein
22%
19,000 Monaco
22%
14,000 Palau
22%
7,000 San Marino
22%
4,220,000 Tanzania
22%
2,860,000 Venezuela
22%
4,640,000 Afghanistan
17%
2,590,000 Algeria
17%
1,760,000 Austria
17%
4,800,000 Cote d'Ivoire
17%
2,930,000 Dominican Republic
17%
3,480,000 Greece
17%
2,470,000 Jordan
17%
3,560,000 Syria
17%
6,000 Tuvalu
17%
3,930,000 United Arab Emirates
17%
2,250,000 Uzbekistan
17%
2,110,000 Bolivia
11%
2,130,000 Cuba
11%
1,310,000 Czechia
11%
1,720,000 Ecuador
11%
87,000 Fiji
11%
4,150,000 Ghana
11%
34,000 Grenada
11%
2,330,000 Haiti
11%
1,710,000 Hungary
11%
2,970,000 Israel
11%
17,000 Kiribati
11%
110,000 Luxembourg
11%
28,000 Marshall Islands
11%
5,000 Micronesia
11%
2,640,000 Netherlands
11%
2,180,000 Poland
11%
1,860,000 Romania
11%
23,000 Saint Kitts and Nevis
11%
70,000 Saint Lucia
11%
17,000 Saint Vincent and the Grenadines
11%
37,000 Samoa
11%
85,000 Solomon Islands
11%
25,000 Tonga
11%
1,700,000 Uruguay
11%
51,000 Vanuatu
11%
82,000 Antigua and Barbuda
6%
2,660,000 Azerbaijan
6%
240,000 Bahamas
6%
1,340,000 Bahrain
6%
110,000 Barbados
6%
1,910,000 Belarus
6%
2,090,000 Belgium
6%
57,000 Belize
6%
100,000 Bhutan
6%
390,000 Bosnia and Herzegovina
6%
280,000 Brunei
6%
1,200,000 Bulgaria
6%
1,730,000 Cambodia
6%
3,060,000 Cameroon
6%
130,000 Cape Verde
6%
54,000 Comoros
6%
1,170,000 Costa Rica
6%
690,000 Croatia
6%
320,000 Cyprus
6%
17,000 Dominica
6%
220,000 East Timor
6%
1,100,000 El Salvador
6%
1,290,000 Guatemala
6%
130,000 Guyana
6%
1,120,000 Honduras
6%
660,000 Jamaica
6%
2,800,000 Kazakhstan
6%
205,000 Kosovo
6%
4,280,000 Kuwait
6%
940,000 Kyrgyzstan
6%
780,000 Laos
6%
2,190,000 Lebanon
6%
1,110,000 Libya
6%
2,400,000 Madagascar
6%
130,000 Maldives
6%
2,500,000 Mali
6%
22,000 Malta
6%
150,000 Mauritius
6%
190,000 Montenegro
6%
2,210,000 Nicaragua
6%
1,560,000 Oman
6%
1,500,000 Panama
6%
410,000 Papua New Guinea
6%
2,830,000 Paraguay
6%
2,670,000 Portugal
6%
1,560,000 Qatar
6%
1,850,000 Republic of the Congo
6%
57,000 São Tomé and Príncipe
6%
3,520,000 Senegal
6%
1,180,000 Serbia
6%
26,000 Seychelles
6%
660,000 Slovakia
6%
2,120,000 Somalia
6%
240,000 Suriname
6%
1,480,000 Sweden
6%
1,320,000 Switzerland
6%
780,000 Tajikistan
6%
130,000 Trinidad and Tobago
6%
1,030,000 Turkmenistan
6%
1,930,000 Uganda
6%
2,980,000 Yemen
6%
860,000 Albania
0%
1,270,000 Armenia
0%
780,000 Benin
0%
230,000 Botswana
0%
2,700,000 Burkina Faso
0%
800,000 Burundi
0%
730,000 Central African Republic
0%
1,260,000 Chad
0%
1,250,000 Denmark
0%
530,000 Djibouti
0%
250,000 Equatorial Guinea
0%
800,000 Eritrea
0%
450,000 Estonia
0%
1,210,000 Finland
0%
700,000 Gabon
0%
1,130,000 Georgia
0%
1,930,000 Guinea
0%
400,000 Guinea-Bissau
0%
120,000 Iceland
0%
1,110,000 Kenya
0%
640,000 Latvia
0%
230,000 Lesotho
0%
1,100,000 Liberia
0%
690,000 Lithuania
0%
510,000 Macedonia
0%
1,080,000 Malawi
0%
960,000 Mauritania
0%
530,000 Moldova
0%
1,240,000 Mongolia
0%
2,620,000 Mozambique
0%
330,000 Namibia
0%
1,180,000 Nepal
0%
1,090,000 Niger
0%
2,850,000 North Korea
0%
980,000 Oslo
0%
520,000 Palestine
0%
1,120,000 Rwanda
0%
1,000,000 Sierra Leone
0%
280,000 Slovenia
0%
490,000 South Sudan
0%
2,170,000 Sri Lanka
0%
78,000 Swaziland
0%
340,000 The Gambia
0%
1,940,000 Togo
0%
1,990,000 Tunisia
0%
2,180,000 Zambia
0%
2,200,000 Zimbabwe
0%
No matching quizzes found
Score Distribution
Percent of People with Each Score
Percentile by Number Answered
Your Score History
You have not taken this quiz